| 000 | 00487nam a22001817a 4500 | ||
|---|---|---|---|
| 003 | CEME | ||
| 005 | 20210628203850.0 | ||
| 008 | 210317b xxu||||| |||| 00| 0 eng d | ||
| 020 | _a0-7923-3431-0 | ||
| 040 | _c. | ||
| 082 | _a620.00151535 FRI'E | ||
| 100 |
_aMottershead, J. E, Friswell, M. I _967631 |
||
| 245 | _aFinite element model updating in structural dynamics | ||
| 260 |
_aLONDON _bKLUWAR _c1995 |
||
| 300 | _a286P | ||
| 650 |
_aFINITE ELEMENT . _967632 |
||
| 942 |
_cBK _2ddc |
||
| 999 |
_c575362 _d575362 |
||